00843 2200193 4500001002100000005001500021035002000036008004100056245004900097100001400146250000600160260003100166300001200197084001400209082000800223650001000231520039600241990001200637INLIS00000000000104320240527110728 a0010-0524000278240527 1 ind 1 aNigt Mare Hour; Saat-Saat Seram /cR.L.Stine aR.L.Stine a1 aJakarta :bGramedia,c1999 a192 hlm a813 STI n a813 4aFiksi aSETIAP DETAK JAM MEMBAWA KENGERIAN LAGI Kengerian apa yang menunggu seorang anak yang terpaksa mondok di rumah sakit pada malam Halloween? Bagaimana kau mengecoh Hantu yang menginginkan kulitmu? Mengapa Nightmare Inn jadi penginapan yang paling seram? Inilah Sepuluh kisah yang akan menimbulkan kengerian setiap saat dan membawamu ke tempat yang paling seram - di dalam benak R.L. Stine. a0744021